000 00355 a2200157 4500
001 75681
020 _a9781474929547
040 _cAnchieta - Colégio São Paulo
100 _aRobson, Kirsteen
240 1 0 _aQuem procura acha!!
_lpor
245 1 0 _aQuem procura acha!!
300 _a32
362 0 _a2016
650 4 _aLiteratura infantil
942 _cBK
999 _c75681
_d75681